书目信息 |
| 题名: |
基因的萦梦
|
|
| 作者: | 谈家桢 著 | |
| 分册: | ||
| 出版信息: | 北京 北京十月文艺出版社 2000.01 |
|
| 页数: | 297页 | |
| 开本: | 32开 | |
| 丛书名: | ||
| 单 册: | ||
| 中图分类: | I267.967 | |
| 科图分类: | ||
| 主题词: | 散文--中国 , 散文--作品综合集--中国 | |
| 电子资源: | ||
| ISBN: | 7-5302-2900-1 | |
| 000 | 00578nam0 2200205 45 | |
| 001 | 0010280891 | |
| 005 | 20001028112717.8 | |
| 010 | @a7-5302-2900-1@d17.80元 | |
| 100 | @a20001028d2000 km y0chiy0120 ea | |
| 101 | 0 | @achi |
| 105 | @a z 000yy | |
| 200 | 1 | @a基因的萦梦@AJi Yin De Ying Meng@f谈家桢著@FTan JiaZhen Zhu |
| 210 | @a北京@c北京十月文艺出版社@d2000.01 | |
| 215 | @a297页@d32开 | |
| 606 | 0 | @a散文@x中国 |
| 606 | 0 | @a散文@x作品综合集@x中国 |
| 690 | @aI267.967@v3 | |
| 701 | 0 | @a谈家桢@4著 |
| 801 | @aCN@bPftUser@c20001028 | |
| 905 | @b193580-584@dI267.967@eT967@f5 | |
| 基因的萦梦/谈家桢著.-北京:北京十月文艺出版社,2000.01 |
| 297页;32开 |
| ISBN 7-5302-2900-1:17.80元 |
| ● |
| 相关链接 |
|
|
|
正题名:基因的萦梦
索取号:I267.967/T967
 
预约/预借
| 序号 | 登录号 | 条形码 | 馆藏地/架位号 | 状态 | 备注 |
| 1 | 193580 | 201935807 | 社科二线422/422社科库 31排4列2层/ [索取号:I267.967/T967] | 在馆 | |
| 2 | 193581 | 201935816 | 社科二线422/422社科库 26排1列4层/ [索取号:I267.967/T967] | 在馆 | |
| 3 | 193583 | 201935834 | 社科二线400B/400B社科库 27排4列1层/ [索取号:I267.967/T967] | 在馆 | |
| 4 | 193584 | 201935843 | 社科二线400B/400B社科库 10排2列5层/ [索取号:I267.967/T967] | 在馆 |